Усилия и деформации в теплоизоляционных трубах; Нефтяное хозяйство; № 1

Dades bibliogràfiques
Parent link:Нефтяное хозяйство: научно-технический производственный журнал.— , 1925-1940, 1946-.— 0028-2448
№ 1.— 2003.— С. 66-67
Autor principal: Бекух И. И.
Altres autors: Гилаев Г. Г., Кошелев А. Т.
Idioma:rus
Publicat: 2003
Col·lecció:Нефтепромысловое оборудование
Matèries:
Format: MixedMaterials Capítol de llibre
KOHA link:https://koha.lib.tpu.ru/cgi-bin/koha/opac-detail.pl?biblionumber=385493

MARC

LEADER 00000naa2a2200000 4500
001 385493
005 20231101063356.0
035 |a (RuTPU)RU\TPU\prd\13384 
090 |a 385493 
100 |a 20030506a2003 k y0rusy50 ca 
101 0 |a rus 
102 |a RU 
200 1 |a Усилия и деформации в теплоизоляционных трубах  |f И. И. Бекух, Г. Г. Гилаев, А. Т. Кошелев 
225 1 |a Нефтепромысловое оборудование 
320 |a Библиогр.: 2 назв. 
461 1 |0 (RuTPU)RU\TPU\prd\1638  |x 0028-2448  |t Нефтяное хозяйство  |o научно-технический производственный журнал  |d 1925-1940, 1946- 
463 1 |0 (RuTPU)RU\TPU\prd\13357  |t № 1  |v С. 66-67  |d 2003 
610 1 |a теплоизолированные трубы 
610 1 |a усилия 
610 1 |a деформации 
610 1 |a высоковязкая нефть 
610 1 |a нефтепромысловое оборудование 
610 1 |a скважины 
675 |a 622.276.054.3  |v 3 
700 1 |a Бекух  |b И. И. 
701 1 |a Гилаев  |b Г. Г. 
701 1 |a Кошелев  |b А. Т. 
801 1 |a RU  |b 63413507  |c 20030506  |g PSBO 
801 2 |a RU  |b 63413507  |c 20131025  |g RCR 
942 |c BK